Welcome to CU Library Online Public Access Catalogue (OPAC)

Data Structures and Algorithms in C++/ (Record no. 766)

MARC details
000 -LEADER
fixed length control field 00489nam a22001697a 4500
005 - DATE AND TIME OF LATEST TRANSACTION
control field 20241106202519.0
008 - FIXED-LENGTH DATA ELEMENTS--GENERAL INFORMATION
fixed length control field 241106b |||||||| |||| 00| 0 eng d
020 ## - INTERNATIONAL STANDARD BOOK NUMBER
International Standard Book Number 9781133613053
050 ## - LIBRARY OF CONGRESS CALL NUMBER
Classification number QA76.73
Item number .C153 .D76
100 ## - MAIN ENTRY--PERSONAL NAME
Personal name Drozdek, Adam
245 ## - TITLE STATEMENT
Title Data Structures and Algorithms in C++/
Statement of responsibility, etc. Adam Drozdek
250 ## - EDITION STATEMENT
Edition statement 4th Ed.
Remainder of edition statement International Edition
260 ## - PUBLICATION, DISTRIBUTION, ETC.
Place of publication, distribution, etc. Australia
Name of publisher, distributor, etc. Cengage Learning
Date of publication, distribution, etc. 2013
300 ## - PHYSICAL DESCRIPTION
Extent xvi.792p.
Other physical details ill.
Dimensions 23cm
650 ## - SUBJECT ADDED ENTRY--TOPICAL TERM
Source of heading or term C++
942 ## - ADDED ENTRY ELEMENTS (KOHA)
Source of classification or shelving scheme Library of Congress Classification
Koha item type Books
Edition 4th Ed.
Suppress in OPAC No
999 ## -
-- 766
-- 766
Holdings
Withdrawn status Lost status Source of classification or shelving scheme Damaged status Not for loan Collection Home library Current library Shelving location Date acquired Total checkouts Full call number Barcode Date last seen Copy number Price effective from Koha item type
    Library of Congress Classification     Non-fiction Science Library (Miotso) Science Library (Miotso) General stacks 11/06/2024   QA76.73 .C153 .D76 DRO SLM00000446 11/06/2024 1 11/06/2024 Books
    Library of Congress Classification     Non-fiction Science Library (Miotso) Science Library (Miotso) General stacks 11/06/2024   QA76.73 .C153 .D76 DRO SLM00000447 11/06/2024 2 11/06/2024 Books
    Library of Congress Classification     Non-fiction Science Library (Miotso) Science Library (Miotso) General stacks 11/06/2024   QA76.73 .C153 .D76 DRO SLM00000448 11/06/2024 3 11/06/2024 Books
    Library of Congress Classification     Non-fiction Science Library (Miotso) Science Library (Miotso) General stacks 11/06/2024   QA76.73 .C153 .D76 DRO SLM00000449 11/06/2024 4 11/06/2024 Books
    Library of Congress Classification     Non-fiction Science Library (Miotso) Science Library (Miotso) General stacks 11/06/2024   QA76.73 .C153 .D76 DRO SLM00000450 11/06/2024 5 11/06/2024 Books
© 2023-2024 Copyright: Central University Libraries. All Rights Reserved | Created by: Mahone Tech Office